Sports Quiz

Random Sports or Logo Quiz

Which Logo Is MLB? (Minefield) Quiz Stats

 Plays Quiz Updated Dec 14, 2018

Challenge
Share
Tweet
Score 0/30 Timer 01:30
4 Plays Today
% Correct
???
89.8%
???
88.3%
???
85.1%
???
85%
???
82.7%
???
82.3%
???
82%
???
80.2%
???
79.7%
???
79.6%
???
78.5%
???
77.8%
???
77.1%
???
76.2%
???
76.2%
% Correct
???
75.7%
???
75.3%
???
75.3%
???
74.6%
???
74.3%
???
74.1%
???
73.8%
???
73.6%
???
72.7%
???
72%
???
71.4%
???
71%
???
70.4%
???
70%
???
63%

You're not logged in!

Compare scores with friends on all Sporcle quizzes.
OR
Log In

You Might Also Like...

Show Comments

Extras

Top Quizzes Today


Score Distribution

Your Account Isn't Verified!

In order to create a playlist on Sporcle, you need to verify the email address you used during registration. Go to your Sporcle Settings to finish the process.

Report this User

Report this user for behavior that violates our Community Guidelines.

Details: